Educación fundamental integral y medios de comunicación social: el uso sistemático de los medios masivos de comunicación en programas de desarrollo
Salvato in:
| Autore principale: | |
|---|---|
| Natura: | Libro |
| Lingua: | spagnolo |
| Pubblicazione: |
Bogotá
Andes
1971
|
| Serie: | Acción Cultural y Popular
|
| Soggetti: | |
| Tags: |
Aggiungi Tag
Nessun Tag, puoi essere il primo ad aggiungerne!!
|
MARC
| LEADER | 00000nam a2200000 a 4500 | ||
|---|---|---|---|
| 001 | UCU0886 | ||
| 003 | CL-VaPUC | ||
| 008 | 960329e19710000CK |||||||||||||||||spa|d | ||
| 082 | 0 | 4 | |a 371.3 |b BER |2 21 |
| 100 | 0 | |a Bernal Alarcón, Hernando |e author |9 356352 | |
| 245 | 1 | 0 | |a Educación fundamental integral y medios de comunicación social: el uso sistemático de los medios masivos de comunicación en programas de desarrollo |
| 300 | |a 103 p | ||
| 942 | |c BK | ||
| 945 | |d 19960329 00:00:00 |a cmena | ||
| 260 | |a Bogotá |b Andes |c 1971 | ||
| 650 | 0 | |a Medios de comunicación de masas |9 257273 | |
| 650 | 7 | |a MATERIAL Y EQUIPO DIDACTICOS |2 CL-VaPUC |9 309109 | |
| 650 | 7 | |a RADIO EDUCATIVA |2 CL-VaPUC |9 339898 | |
| 650 | 7 | |a EDUCACION Y DESARROLLO |2 CL-VaPUC |9 324696 | |
| 650 | 0 | |a Desarrollo económico y social |9 256320 | |
| 583 | |a last modification |c 19960329 00:00:00 |k Rodrigo Vera | ||
| 490 | 0 | |a Acción Cultural y Popular | |
| 999 | |c 245664 |d 245662 | ||
| 952 | |0 0 |1 0 |4 0 |6 371_300000000000000_BER_1971 |7 0 |8 P |9 260247 |a BIBEDU |b BIBEDU |c BIBEDU_PB |d 2019-11-19 |i 1638610 |o 371.3 BER 1971 |p 1638610 |r 2024-01-25 |w 2019-11-19 |y BK |k EDU | ||